| 000 | 00757nam a22002535i 4500 | ||
|---|---|---|---|
| 001 | 178569 | ||
| 003 | ES-MaACL | ||
| 005 | 20230906220547.0 | ||
| 008 | 110608s2009 sp |||| | spa d | ||
| 020 | _a978-84-206-9345-3 | ||
| 080 | _a783(091) | ||
| 100 | 1 |
_aGarbini, Luigi. _9146977 |
|
| 245 | 1 | 0 |
_aBreve historia de la música sacra / _cLuigi Garbini ; traducción de Pepa Linares. |
| 260 |
_aMadrid : _bAlianza Editorial, _c[2009] |
||
| 300 |
_a483 p. ; _c23 cm. |
||
| 490 | 1 | _aAlianza música | |
| 500 | _aÍndice. | ||
| 504 | _aBibliografía: p. 423-451. | ||
| 650 | 4 |
_aMúsica sagrada- _vHistoria. _9146978 |
|
| 700 | 1 |
_aLinares, Pepa. _972344 |
|
| 830 | 1 |
_aAlianza música _9178062 |
|
| 852 | 4 |
_aES-MaACL _jE-15310 |
|
| 999 |
_c178569 _d178569 |
||